Score 0/20 Timer 05:00
4 Plays Today
% Correct
Lost
95.8%
Friends
95.2%
Bob's Burgers
94.8%
Breaking Bad
93.9%
The Fresh Prince of Bel-Air
92.6%
House of Cards
90.6%
Game of Thrones
90.1%
Gossip Girl
89.2%
Dexter
87.3%
The Simpsons
86%
% Correct
Ugly Betty
85.2%
My Name Is Earl
84.6%
Mad Men
83.3%
Doctor Who
82.9%
Dexter's Laboratory
81.6%
Family Guy
77.1%
Castle
74%
Suits
73.8%
Merlin
68.4%
Life on Mars
51.8%
Remove Ads.
Support Sporcle.
Get the best of Sporcle when you Go Orange. This ad-free experience offers more features, more stats, and more fun while also helping to support Sporcle. Thank you for becoming a member.

You're not logged in!

Compare scores with friends on all Sporcle quizzes.
OR
Log In

Sporcle TV

Today on Sporcle TV


Watch our educational content, quiz creation guides, and fun videos on Sporcle TV.

Show Comments

Extras

Top Quizzes Today


Score Distribution

Paid Content

Your Account Isn't Verified!

In order to create a playlist on Sporcle, you need to verify the email address you used during registration. Go to your Sporcle Settings to finish the process.

Report this User

Report this user for behavior that violates our Community Guidelines.

Details: